000 01030nam a22003377a 4500
001 BR7900158
003 BR-BrBNA
005 20230928085902.0
007 ta
008 230509b bl.||||| |||| 00| 0 por d
040 _aBR-BrBNA
_bpor
_cBiblioteca Nacional de Agricultura
041 _a(Por)
072 _aS00; S10
_b0336
_b0120
_b9290
_b/G514
090 _ 0336 BR7900158
100 1 _aSena, E.N.
110 1 _aEscola Superior de Agricultura de Lavras, MG (Brasil)
_0Tese (Mestrado)
245 1 _aMistura soja e fuba: aceitabilidade por criancas [Milho; Valor nutritivo; Brasil]
260 3 _aLavras, MG (Brasil):
_c1978.
300 _a85 p.
500 _a26 tables; 7 illus.; Summaries (Eng, Por); Bibliography p. 60-71 (84 ref.)
650 _aNutricao humana
650 _aComposicao de alimento
650 _aSoja
650 _aMilho
650 _aFuba
650 _aAnalise quimica
650 _aAnalise de alimento
650 _aValor nutritivo
909 _a202309
_bLucia
_c55
_dLucia Elande
942 _cBK
999 _c26854
_d26854